000 00510nam a2200181Ia 4500
005 20250326125052.0
008 250326s9999 xx 000 0 und d
037 _aTextbook
040 _aFMSL
_beng
_cFMSL
041 _aeng
_2eng
084 _aX:9 L4
_qFMSL
100 _aMahaseth S N
_9738451
245 0 _aManpower development in India: policies & Programmes
_cMahaseth S N
260 _aMaharashtra
_bMaharashtra
_c1974
300 _a138p
942 _cTB
_hX:9 L4
999 _c1276400
_d1276400